| 000 | 00997na a2200277 4500 | ||
|---|---|---|---|
| 001 | 22578 | ||
| 003 | MIRAKIL | ||
| 005 | 20181213155152.0 | ||
| 008 | 170217b tu 000 0 | ||
| 035 | _a15915 | ||
| 040 |
_aMilas _btur _cTR-AnCHP |
||
| 041 | _atur | ||
| 082 |
_aCHP 327.5693 _bE13k 2003 |
||
| 090 | _aCHP 327.5693 E13k 2003 | ||
| 100 |
_aEcevit, Bülent _d1925-2006 |
||
| 245 |
_aKıbrıs gerçeği ve Irak sorunu _cBülent Ecevit |
||
| 260 |
_a[Ankara] _bDSP Genel Merkezi _c2003 |
||
| 300 |
_a63 s. _c21 sm. |
||
| 500 | _aDSP genel başkanı Bülent Ecevit'in 12 Ocak 2003 günü İstanbul Abdi İpekçi Spor Salonu'nda düzenlenen "Ulusal birlik toplantısı"nda yaptığı konuşma | ||
| 600 | _aHüseyin, Saddam | ||
| 600 |
_aEcevit, Bülent _xKonuşmalar, 2003 _yKıbrıs sorunu |
||
| 600 |
_aEcevit, Bülent _xKonuşmalar, 2003 _yIrak sorunu |
||
| 651 |
_aIrak _xTarih _ySaddam Hüseyin dönemi |
||
| 651 |
_aKıbrıs _xTarih _yKıbrıs krizi |
||
| 942 |
_2dcc _cBKS |
||
| 999 |
_c7876 _d7876 |
||